000 01909cam a22004934a 4500
001 14124259
003 ARRUPE
005 20211015110441.0
008 050929s2006 nyua b 001 0aeng
010 _a 2005028565
016 7 _a101273298
_2DNLM
020 _a0393058638
020 _a9780393058635
035 _a(OCoLC)ocm61758023
040 _aDLC
_cDLC
_dYDX
_dBAKER
_dOCO
_dLMR
_dVP@
_dIXA
_dNLM
_dDLC
042 _apcc
043 _an-us---
050 0 0 _aRC339.52.K362
_bA3 2006
060 0 0 _a2006 D-933
060 1 0 _aWZ 100
_bK163 2006
082 0 0 _a616.80092
_aB
_222
100 1 _aKandel, Eric R.
_914685
245 1 0 _aIn search of memory :
_bthe emergence of a new science of mind /
_cEric R. Kandel.
250 _a1st ed.
260 _aNew York :
_bW. W. Norton & Company,
_cc2006.
300 _axv, 510 p. :
_bill. ;
_c24 cm.
504 _aIncludes bibliographical references (p. 453-484) and index.
600 1 0 _aKandel, Eric R.
_914685
600 1 2 _aKandel, Eric R.
_914685
650 0 _aNeurologists
_zUnited States
_vBiography.
_950516
650 0 _aMedical scientists
_zUnited States
_vBiography.
_950517
650 0 _aNobel Prizes.
_97605
650 0 _aMemory.
650 0 _aNeurobiology.
_950518
650 0 _aCellular signal transduction.
_950519
650 1 2 _aNeurobiology
_zUnited States
_vPersonal Narratives.
_950520
650 2 2 _aHistory, 20th Century
_zUnited States
_vPersonal Narratives.
_950521
650 2 2 _aNeurosciences
_xhistory
_zUnited States
_vPersonal Narratives.
_950522
650 2 2 _aNobel Prize
_zUnited States
_vPersonal Narratives.
_950523
856 4 1 _3Table of contents only
_uhttp://www.loc.gov/catdir/toc/ecip061/2005028565.html
906 _a7
_bcbc
_corignew
_d1
_eecip
_f20
_gy-gencatlg
942 _2lcc
_cMONOGRAPH
999 _c130899
_d130899